Lota: antecedentes históricos, con una Monografía de la Compañía Minera e Industrial de Chile

Uloženo v:
Podrobná bibliografie
Hlavní autor: Astorquiza, Octavio (Autor)
Médium: Kniha
Jazyk:španělština
Vydáno: Concepción, Chile Imprenta y litografía Concepción 1929
Témata:
Tagy: Přidat tag
Žádné tagy, Buďte první, kdo vytvoří štítek k tomuto záznamu!

MARC

LEADER 00000nam a2200000 a 4500
001 UCV9801
003 CL-VaPUC
005 20200702145702.0
008 930517e19290000CL |||||||||||||||||spa|d
999 |c 215091  |d 215089 
040 |c Pontificia Universidad Católica de Valparaíso 
082 0 4 |a 983.39 AST 1929  |2 21 
100 0 |a Astorquiza, Octavio  |e author  |9 303810 
245 1 0 |a Lota:  |b  antecedentes históricos, con una Monografía de la Compañía Minera e Industrial de Chile 
260 |a Concepción, Chile  |b Imprenta y litografía Concepción  |c 1929 
300 |a 203 páginas 
583 |a last modification  |c 19930517 00:00:00  |k Rodrigo Vera 
650 7 |a MINAS DE CARBON  |2 CL-VaPUC  |9 268737  |x HISTORIA DE CHILE  |z LOTA 
852 |a BIBCUR 
942 |c BK  |2 ddc 
945 |d 19930517 00:00:00 
952 |0 0  |1 0  |2 ddc  |4 0  |6 983_390000000000000_AST_1929  |7 0  |8 F  |9 199057  |a BIBARQ  |b BIBARQ  |d 2019-11-14  |i 2663856  |o 983.39 AST 1929  |p 2663856  |r 2025-01-20  |t 1  |w 2019-11-14  |y BK_F  |k ARQ 
952 |0 0  |1 0  |2 ddc  |4 0  |6 983_390000000000000_AST_1929  |7 0  |8 X  |9 199058  |a BIBHIS  |b BIBHIS  |d 2019-11-14  |i 1257668  |o 983.39 AST 1929  |p 1257668  |r 2024-01-30  |t 2  |w 2019-11-14  |y BK_X  |k HIS